Counties in Connectiut Quiz! - Statistics

General Stats
  • This quiz has been taken 7 times
  • The average score is 7 of 8
Answer Stats
Answer % Correct
Fairfield
100%
Hartford
100%
Litchfield
100%
New Haven
100%
New London
100%
Middlesex
83%
Tolland
67%
Windham
67%
No matching quizzes found
Score Distribution
Percent of People with Each Score
Percentile by Number Answered
Your Score History
You have not taken this quiz